00442cam a2200157ua 45000010005000000080039000050400009000440410008000530820013000611000031000742450054001052500018001592600060001773000017002376530030002543742150310n ii |||gr||||Z||||||asm cMAIN aasm a891.4514 aBorgohain, Homen,eEditor. aAsamiya sahityar buranjiced. by Homen Borgohain  a1st. / bV 6. aGuwahati:bAnundoram borooah institute of language,993. a701p:c23cm. aAsamiya sahityar buranji